Normal view
MARC view
- Asst. Prof. Dr. Ahmed Rauf Subhani
Entry Corporate Name
001 - CONTROL NUMBER
- control field: 103949
003 - CONTROL NUMBER IDENTIFIER
- control field: NUST
005 - DATE AND TIME OF LATEST TRANSACTION
- control field: 20221202093240.0
008 - FIXED-LENGTH DATA ELEMENTS
- fixed length control field: 221202|| aca||aabn | a|a d
040 ## - CATALOGING SOURCE
- Original cataloging agency: NUST
- Transcribing agency: NUST
110 ## - HEADING--CORPORATE NAME
- Corporate name or jurisdiction name as entry element: Asst. Prof. Dr. Ahmed Rauf Subhani
670 ## - SOURCE DATA FOUND
- Source citation: Work cat.: (NUST): Muhammad Helal Abdullah Khan Mayo 103948, Design and Photocopying of a Serving Robot for a Hotel Environments , 2022.
